Statistics for Famous People In Two Words

Click here to take the quiz!

General Stats

  • This quiz has been taken 70 times
    (52 since last reset)
  • The average score is 20 of 27

Answer Stats

HintInitialsCelebrity% Correct
Moon WalkMJMichael Jackson
98%
Light BulbTEThomas Edison
90%
Golf ProTWTiger Woods
90%
Relativity TheoryAEAlbert Einstein
88%
Moon WalkerNANeil Armstrong
88%
Monica LewinskiBCBill Clinton
86%
Mongol EmpireGKGenghis Khan
86%
Material GirlMMadonna
86%
Hound DogEPElvis Presley
84%
Talk ShowOWOprah Winfrey
84%
Starry NightVVGVincent van Gogh
84%
Sistine ChapelMMichelangelo
82%
Blue EyesFSFrank Sinatra
80%
Busty BlondMMMarilyn Monroe
80%
Mein KompfAHAdolf Hitler
78%
His AirnessMJMichael Jordan
78%
Amazon PrimeJBJeff Bezos
73%
Adopts KidsAJAngelina Jolie
71%
Grassy KnollJKJackie Kennedy
71%
Keeping UpKKKim Kardashian
67%
Suspense DirectorAHAlfred Hitchcock
63%
Galapagos IslandsCDCharles Darwin
63%
Nonviolent ResistanceMGMahatma Gandhi
59%
Emancipation ProclamationALAbraham Lincoln
57%
Depressed DuchessDSDiana Spencer
45%
God's DeadFNFriedrich Nietzsche
37%
No DramaBOBarack Obama
33%

Score Distribution

Percentile by Number Answered

Percent of People with Each Score

Your Score History

You have not taken this quiz since the last reset